| 000 | 01837nam a2200361 a 4500 | ||
|---|---|---|---|
| 003 | CO-CtgCURN | ||
| 005 | 20250329165425.0 | ||
| 008 | 160531s2009 000 0 eng d | ||
| 040 |
_aCO-CtgCURN _bspa _ccoctgcurn |
||
| 082 | 0 |
_aDER 2009 _bR541 |
|
| 100 | 1 | _aRico Hernández, Nancy. | |
| 245 | 1 | 0 |
_aExiste unificacion jurisprudencial en la revision de la Corte Constitucional de los fallos de tutela emitidos en primera instancia en materia de seguridad social y riesgos profesionales en Cartagena D,T. y C., 1992-2005? / _cNancy Rico Hernández, Edinson Giovani Rodríguez Chapeta, Cristian Sornoza Pérez ; asesor, Milton Buelvas Mendoza. |
| 260 |
_aCartagena de Indias : _bCorporación Universitaria Rafael Nuñez, _c2009. |
||
| 300 |
_a92 h. + _e1 CD-Rom. |
||
| 336 | _2rdacontent | ||
| 337 |
_2rdamedia _asin mediacion _bn |
||
| 338 |
_2rdacarrier _avolumen _bnc |
||
| 500 | _aIncluye anexos. | ||
| 500 | _aEl CD contiene un archivo que es el informe final. | ||
| 502 | _aTrabajo de grado (Abogado). Corporación Universitaria Rafael Nuñez. Facultad de Ciencias Sociales y Humanas. Programa de Derecho, 2009. | ||
| 504 | _aIncluye bibliografia. | ||
| 590 | _aDerecho | ||
| 650 | 0 |
_aDerecho _vTesis y disertaciones academicas. |
|
| 650 | 0 | _aTutela. | |
| 650 | 0 |
_aSeguridad social _vLegislacion _zColombia. |
|
| 650 | 0 |
_aSistema General de Riesgos Profesionales _zColombia. |
|
| 700 | 1 | _aRodríguez Chapeta, Edinson Giovani. | |
| 700 | 1 | _aSornoza Pérez, Cristian. | |
| 700 | 1 |
_aBuelvas Mendoza, Milton, _easesor. |
|
| 856 | 7 |
_uhttps://unicurn.sharepoint.com/:b:/s/biblioteca/EbEfoE2lOrFJvz1VLvwBcmEBBoudFVq_OhprOpfkGgLEvg?e=Xe2HMr _zClick aqui para ver el recurso en texto completo |
|
| 942 |
_hDER 2009 _iR541 _2ddc _cTG |
||
| 999 |
_c3500 _d3500 |
||